000 01279nam a2200301 i 4500
001 5395
003 ES-MaACL
005 20250811084918.0
008 880610s1985 sp a |||| | spa d
020 _a84-505-6551-0
080 _a571.1(463.3)
245 0 0 _aExcavaciones en la cueva del Juyo /
_cpor I. Barandiaran ... [et al.] ; [introducción por J. González Echegaray].
250 _a1ª.ed.
260 _aMadrid :
_bMinisterio de Cultura, Subdirección General de Arqueología y Etnografía,
_c1985.
300 _a224 p., 1 h. pleg. :
_bil. ;
_c31 cm.
490 1 _aMonografías del Centro de Investigación y Museo de Altamira ;
_v14
500 _aÍndice.
504 _aBibliografía.
651 4 _aCueva del Juyo (Cantabria)-
_xExcavaciones arqueológicas.
_98127
651 4 _aCueva del Juyo (Cantabria)-
_xRestos arqueológicos prehistóricos.
_98128
700 1 _aBarandiarán, Ignacio.
_925309
700 1 _aGonzález Echegaray, Joaquín.
_958609
710 1 _aEspaña.
_bSubdirección General de Arqueología y Etnografía.
_93710
710 2 _aMuseo y Centro de Investigación de Altamira
_95930
830 0 0 _aMonografías (Centro de Investigación y Museo de Altamira)
_v14
_9241422
852 _aES-MaACL
_jL-12164
999 _c5395
_d5395